000
00324 a2200145 4500
001
142375
040
_c
Leonardo Da Vinci
041
_a
Português
082
_a
v118
245
_a
ESTUDO do meio
_b
cidades históricas
260
_c
1987
362
_a
19870000
697
_a
História
_a
Ouro Preto
_a
Congonhas
942
_c
VM
999
_c
142375
_d
142375